Dramáticos posteriores a Lope de Vega

Na minha lista:
Detalhes bibliográficos
Autor Corporativo: Biblioteca de autores españoles
Formato: Livro
Idioma:Undetermined
Publicado em: Madrid, España Rivadeneyra 1859
Assuntos:
Tags: Adicionar Tag
Sem tags, seja o primeiro a adicionar uma tag!

MARC

LEADER 00000nam a2200000Ia 4500
008 170316s9999 xx 000 0 und d
110 |a Biblioteca de autores españoles 
245 |a Dramáticos posteriores a Lope de Vega 
260 |a Madrid, España 
260 |b Rivadeneyra 
260 |c 1859 
300 |a 654 páginas Tomo II (Vol. 49) 
650 |a ENCICLOPEDIAS EN ESPAÑOL 
999 |c 30169  |d 30169 
040 |a cru BVZT 
942 |c 15 D  |2 z